The expectant dairy cow /

Bibliographic Details
Main Author: Hill, J. (Julian), 1966-
Other Authors: Andrews, A. H.
Format: Book
Language:English
Published: Lincoln : Chalcombe Publications, [2000]
Subjects:

MARC

Tag First Indicator Second Indicator Subfields
LEADER 00000cam a2200000 a 4500
001 in00004496821
005 20191203130928.0
008 010601s2000 enk 000 0 eng
015 |a GBA1-09396 
020 |a 094861742X 
035 |a (OCoLC)ocm47063483 
035 |z (UtOrBLW)33847 
035 |a 49953 
040 |a UKM  |c UKM  |d OCLCQ  |d UtOrBLW 
049 |a TMVM  |c 1 
060 4 |a SF 887  |b H646e 2000 
082 0 4 |a 636.2142  |2 21 
100 1 |a Hill, J.  |q (Julian),  |d 1966- 
245 1 4 |a The expectant dairy cow /  |c Julian Hill and Anthony H. Andrews. 
264 1 |a Lincoln :  |b Chalcombe Publications,  |c [2000] 
264 4 |c ©2000 
300 |a 151 pages ;  |c 21 cm. 
336 |a text  |2 rdacontent  |b txt 
337 |a unmediated  |2 rdamedia 
338 |a volume  |2 rdacarrier  |b nc 
504 |a Includes bibliographical references. 
505 0 |a Pregnancy and foetal physiology -- Dry cow management -- Calving -- Feeding strategies -- Nutritional and metabolic disorders -- Future prospects 
650 2 |a Cattle. 
650 2 |a Pregnancy, Animal. 
700 1 |a Andrews, A. H. 
999 |a MARS 
999 f f |s 7750b1b1-1d95-35a6-b243-a89da22c3a3e  |i 72148971-8bf8-3ce2-8921-e0f2d9c65132  |t 0 
952 f f |p ric  |a Texas A&M University  |b Rellis Campus  |c Joint Library Facility  |d Remote Storage  |t 0  |e SF 887 H646e 2000  |h National Library of Medicine classification  |i unmediated -- volume  |m 3238901756113 
998 f f |a SF 887 H646e 2000  |t 0  |l Remote Storage